1763 1849 1205 1499 1184 1841 1167 1558 1161 1812 1335 1891 1611 1869 1598 1677 1127 1132 1826 1996 1501 1918 1976 1646 1114 1889 1232 1148 1050 1153 1859 1008 1356 1318 1773 1191 1151 1942 1585 1262 1045 1148 1930 1121 1314 1629 1105 1158 1778 1642 1792 1825 1944 1068 1354 1227 1482 1677 1673 1392 1073 1159 1658 1640 1795 1987 1116 1529 1578 1588 1930 1331 1191 1824 1807 1851 1237 1059 1328 1331 1982 1710 1129 1158 1837 1639 1562 1178 1979 1618 1218 1666 1479 1350 1424 1931 1999 1505 1878 BCNSPRNW ULIB Ver.6.0+V

เปลี่ยนเป็นภาษาไทย

Change to English
 แสดงรายละเอียดบรรณานุกรม
  กลับหน้าหลัก

Brief Record : Get Marc (ISO 2709) : E-mail record : QR code < ปิดหน้าต่าง
LEADER : 00000nam 2200000uu 4500
001    13399123232
003     ULIB
008    020711s2554 th a 000 0 tha d
050 14 LB1027^bส111ค
110    กระทรวงการท่องเที่ยวและกีฬา.^bกรมพลศึกษา.^bสถาบันพัฒนาบุคลากรการพลศึกษาและการกีฬา.
245    คู่มือผู้ฝึกสอนกีฬาแบดมินตัน/^cสถาบันพัฒนาบุคลากรการพลศึกษาและการกีฬา
260    กรุงเทพฯ :^bโรงพิมพ์สหกรณ์การเกษตรแห่งประเทศไทย,^c2554
300    121 หน้า;^b26 ซม.
650    แบดมินตัน
945    ^p0^l0^i20363
999    ^aทศพร เกษรทอง
รายการนี้ยังไม่มีแท็ก
คุณยังไม่ได้ล็อกอิน คุณสามารถมีกิจกรรมร่วมกับเว็บไซต์ได้ แต่ต้องล็อกอินก่อน ::
  ล็อกอิน

รายการสื่อสารสนเทศ

ลำดับที่ ประเภท เลขเรียก/บาร์โค้ด สถานที่ สถานะ
1. การศึกษาทั่วไป
การศึกษาทั่วไป
LB1027 ส111ค ฉ.1 
  Barcode: 20363
ห้องสมุดวิทยาเขตนครสวรรค์
►หนังสือทั่วไป:l:General Books
บนชั้น
Note:อภินันทนาการ

BibComment


ยังไม่เคยถูกคอมเมนท์

คอมเมนท์ทรัพยากรรายการนี้
  คอมเมนท์: คู่มือผู้ฝึกสอนกี..


 Copyright 2026. Bcnsprnw @Library